000 00753nam a2200217 a 4500
001 1909107
003 AM-YEHGA
005 20250618080121.0
008 230614s2022 tu a|||gr|||||||||0|arm|d
040 _aAM-YeHGA
041 0 _aarm
_atur
245 0 0 _aԱնդադար ծառայութիւն 60 =
_bKesintisiz hizmet 60 /
_cԿազմ.՝ Գ. ավագ քհն. Տամատեան, Է. Հանչէր.
260 _aՍտամբուլ :
_bԱ. հ.,
_c2022.
300 _a166 էջ :
_bնկ.
600 1 4 _aՍէրթշիմշէք, Մկրտիչ,
_d1944-
650 1 4 _aՄետաղագործություն
_95383
700 1 _aՏամատեան, Գրիգոր
_eկազմ.
_4com
700 1 _aՀանչէր, Էլմոն
_eկազմ.
_4com
942 _2udc
_cBK
090 _c566218
999 _c528049
_d528049